Compounds with condensed thiophene rings (Record no. 88239)
[ view plain ]
| 000 -LEADER | |
|---|---|
| fixed length control field | 01116cam2a220027700 4500 |
| 001 - CONTROL NUMBER | |
| control field | lce02382581 |
| 005 - DATE AND TIME OF LATEST TRANSACTION | |
| control field | 20190816104332.0 |
| 008 - FIXED-LENGTH DATA ELEMENTS--GENERAL INFORMATION | |
| fixed length control field | 900621s1954 nyu 000 0 eng |
| 010 ## - LIBRARY OF CONGRESS CONTROL NUMBER | |
| LC control number | 53007159 //r90 |
| 035 ## - SYSTEM CONTROL NUMBER | |
| System control number | (Sirsi) r86950 |
| 035 ## - SYSTEM CONTROL NUMBER | |
| System control number | (DLC) 53007159 //r90 |
| 035 ## - SYSTEM CONTROL NUMBER | |
| System control number | (UPRA)lce02382581 |
| 040 ## - CATALOGING SOURCE | |
| Original cataloging agency | DLC/ICU |
| Transcribing agency | ICU |
| 050 00 - LIBRARY OF CONGRESS CALL NUMBER | |
| Classification number | QD403 |
| Item number | .H345 |
| 082 00 - DEWEY DECIMAL CLASSIFICATION NUMBER | |
| Classification number | 547.6 |
| -- | 547.2 |
| 100 1# - MAIN ENTRY--PERSONAL NAME | |
| Personal name | Hartough, H. D. (Howard Dale), 1913- |
| Fuller form of name | Hartough, H. D. (Howard Dale), 1913- |
| Dates associated with a name | Hartough, H. D. (Howard Dale), 1913- |
| Linkage | A46342.1 |
| 245 10 - TITLE STATEMENT | |
| Title | Compounds with condensed thiophene rings |
| Statement of responsibility, etc. | [by] H.D. Hartough and S.L. Meisel. |
| 260 ## - PUBLICATION, DISTRIBUTION, ETC. | |
| Place of publication, distribution, etc. | New York, |
| Name of publisher, distributor, etc. | Interscience Publishers, |
| Date of publication, distribution, etc. | 1954. |
| 490 1# - SERIES STATEMENT | |
| Series statement | The Chemistry of heterocyclic compounds, a series of monographs |
| 504 ## - BIBLIOGRAPHY, ETC. NOTE | |
| Bibliography, etc. note | Bibliography: p. 463-95. |
| 650 #0 - SUBJECT ADDED ENTRY--TOPICAL TERM | |
| Topical term or geographic name entry element | Thiophene. |
| Linkage | S35742.1 |
| 700 1# - ADDED ENTRY--PERSONAL NAME | |
| Personal name | Meisel, S. L. (Seymour Lionel), 1922- |
| Fuller form of name | Meisel, S. L. (Seymour Lionel), 1922- |
| Dates associated with a name | Meisel, S. L. (Seymour Lionel), 1922- |
| Linkage | A46343.1 |
| 830 #0 - SERIES ADDED ENTRY--UNIFORM TITLE | |
| Uniform title | Chemistry of heterocyclic compounds. |
| Linkage | S7686.1 |
| 949 ## - LOCAL PROCESSING INFORMATION (OCLC) | |
| a | QD403 |
| w | lcc |
| i | -121067 |
| m | MAIN |
| t | BOOK |
| l | ON-SHELF |
No items available.